Skoki narciarskie - liderzy PŚ 2021/2022 - Statystyki

Ogólne statystyki
  • Ten quiz został rozwiązany 112 razy
  • Średni wynik to 5 z 6
Statystyki odpowiedzi
Konkursy Zawodnik % Poprawnych
1-10 Karl Geiger
89%
21-koniec Ryoyu Kobayashi
88%
11-15 Ryoyu Kobayashi
79%
18 Ryoyu Kobayashi
78%
19-20 Karl Geiger
75%
16-17 Karl Geiger
73%
Nie znaleziono quizów pasujących do podanych kryteriów
Rozkład punktacji
Procent ludzi z każdym wynikiem
Percentyl według liczby udzielonych odpowiedzi
Twoja historia wyników
Nie rozwiązałeś tego quizu